000 00559nam a22001937a 4500
003 KOHA_MİRAKIL
005 20251114145952.0
008 251114b tu ||||| |||| 00| 0 tur d
020 _a9789750816680
040 _aTR-AnABB
_btur
_cTR-AnABB
041 _atur
082 _a818.42
_bOZD 2011
100 _aÖzdemir Asaf,
_d1923-1981
245 1 0 _aKırılmadık bir şey kalmadı /
_cÖzdemir Asaf
260 _aİstanbul :
_bYapı Kredi Yayınları,
_c2011
300 _a583 sayfa ;
_c21 cm
650 0 4 _aTürk edebiyatı, roman
942 _2ddc
_cBK
999 _c9400
_d9400
900 _bGizem YORULMAZ